MIRROR 成員 - Statistics

General Stats
  • This quiz has been taken 84 times
  • The average score is 12 of 12
Answer Stats
全民造星編號 全民造星組別 全民造星成績 隊員 % Correct
23 A 第五名 Anson Kong 江𤒹生
100%
91 B 30強 Anson Lo 盧瀚霆
100%
32 B 亞軍 Ian 陳卓賢
100%
10 A -> B 20強 Jer 柳應廷
100%
99 B 冠軍 Keung To 姜濤
100%
63 A 第八名 Edan 呂爵安
98%
78 B 30強 Alton 王智德
95%
34 B 季軍 Lokman 楊樂文
95%
38 B 30強 Tiger 邱傲然
95%
7 B 30強 Frankie 陳瑞輝
94%
20 A 第九名 Jeremy 李駿傑
92%
1 A 第十名 Stanley 邱士縉
89%
No matching quizzes found
Score Distribution
Percent of People with Each Score
Percentile by Number Answered
Your Score History
You have not taken this quiz